Statistics for Sports Teams By City- U.S.A.

Click here to take the quiz!

General Stats

  • This quiz has been taken 548 times
  • The average score is 92 of 130

Answer Stats

HintAnswer% Correct
New York/ New Jersey- NFLGiants
96%
MLBGiants
95%
NFLJets
94%
MLBYankees
93%
NBAKnicks
91%
Los Angeles- NBALakers
91%
NHL | Sacramento- NBAKings
90%
NBANets
90%
NBABulls
87%
MLBMets
87%
MLBReds
87%
MLB | NHLRangers
86%
San Francisco/ Oakland/ San Jose- NFL49ers
85%
Dallas- NFLCowboys
85%
NBAHeat
85%
Chicago- NFLBears
84%
NBACeltics
84%
NBAClippers
84%
Miami- NFLDolphins
83%
Detroit- NFLLions
83%
NBAPistons
83%
Buffalo- NFLBills
82%
MLBDodgers
82%
NBANuggets
82%
Boston- NFLPatriots
82%
NFLRaiders
82%
MLBRed Sox
82%
MLBWhite Sox
82%
Denver- NFLBroncos
81%
MLB | Phoenix- NFLCardinals
81%
Green Bay- NFLPackers
81%
Seattle- NFLSeahawks
81%
NBAWarriors
81%
NBA76ers
80%
MLBAthletics
80%
Philadelphia- NFLEagles
80%
NBAMavericks
80%
MLSOrlando City FC Lions
80%
Baltimore- NFLRavens
80%
NBASuns
80%
Minneapolis- NFLVikings
80%
MLBAngels
79%
Indianapolis- NFLColts
79%
MLBCubs
79%
New Orleans- NFLSaints
79%
San Antonio- NBASpurs
79%
Pittsburgh- NFLSteelers
79%
Kansas City- NFLChiefs
78%
NBAHawks
78%
Jacksonville- NFLJaguars
78%
NBARockets
78%
Houston- NFLTexans
78%
Cincinnati- NFLBengals
77%
Milwaukee- NBABucks
77%
NBACavaliers
77%
Atlanta- NFLFalcons
77%
Orlando- NBAMagic
77%
Charlotte- NFL | NHLPanthers
77%
Washington DC- NFLRedskins
77%
Portland- NBATrailblazers
77%
Cleveland- NFLBrowns
76%
Tampa- NFLBuccaneers
76%
NBAHornets
76%
NHLIslanders
76%
Salt Lake City- NBAJazz
76%
Oklahoma City- NBAThunder
76%
MLBTigers
76%
NBATimberwolves
76%
San Diego- NFLChargers
75%
NBAWizards
75%
Memphis- NBAGrizzlies
74%
MLBPhillies
74%
MLBPirates
74%
St. Louis- NFLRams
74%
NHLBruins
73%
NBAPacers
73%
NHLBlackhawks
72%
MLBIndians
72%
MLBMarlins
72%
MLBOrioles
72%
MLBPadres
72%
NBAPelicans
72%
Nashville- NFLTitans
72%
MLBAstros
71%
MLBNationals
71%
NHLPenguins
71%
NHLRed Wings
71%
MLBRockies
71%
NHLSharks
71%
MLBBrewers
70%
MLBTwins
70%
MLBBraves
69%
MLBRays
69%
NHLStars
69%
MLBDiamondbacks
68%
MLBMariners
68%
NHLDevils
67%
NHLFlyers
67%
MLBRoyals
67%
NHLLightning
66%
NHLCapitals
65%
NHLSabers
64%
NHLBlues
63%
NHLDucks
63%
NHLAvalanche
62%
NHLCoyotes
59%
NHLPredators
58%
Columbus- NHLBlue Jackets
56%
NHLWild
56%
Raleigh- NHLHurricanes
52%
MLSGalaxy
51%
MLSRed Bulls
44%
MLSFire
43%
MLSSounders
35%
MLSNew York City FC
34%
MLSCrew
30%
MLSTimbers
29%
MLSDynamo
28%
MLSRevolution
27%
MLSDC United
25%
MLSEarthquakes
25%
MLSUnion
25%
MLSFC Dallas
24%
MLSRapids
23%
MLSReal Salt Lake
23%
MLSSporting KC
20%

Score Distribution

Percentile by Number Answered

Percent of People with Each Score

Your Score History

You have not taken this quiz